Statistics for Parts of the Brain

Click here to take the quiz!

General Stats

  • This quiz has been taken 127 times
  • The average score is 9 of 18

Answer Stats

Answer% Correct
Cerebellum
85%
Frontal Lobe
82%
Occipital Lobe
77%
Hypothalamus
72%
Parietal Lobe
71%
Thalamus
69%
Hippocampus
65%
Brain Stem
64%
Cerebral Cortex
50%
Corpus Callosum
45%
Pons
45%
Pituitary Gland
41%
Spinal Cord
40%
Midbrain
27%
Medula
26%
Forebrain
13%
Hindbrain
13%
Temporal Lope
13%

Score Distribution

Percentile by Number Answered

Percent of People with Each Score

Your Score History

You have not taken this quiz